Statystyki dla Piłkarska kariera Hernana Crespo.

Kliknij tutaj aby rozwiązać quiz!

Ogólne statystyki

  • Ten quiz został rozwiązany 50 razy
  • Średni wynik to 8 z 12

Statystyki odpowiedzi

LataDrużyna% Poprawnych
2002-2003Inter
91%
2006-2008Inter
91%
2008-2009Inter
91%
2004-2005Milan
77%
2003-2004Chelsea
72%
2005-2006Chelsea
72%
2008-2008Chelsea
72%
1996-2000Parma
53%
2010-2012Parma
53%
1993-1996River Plate
53%
2000-2002Lazio
35%
2009-2010Genoa
19%

Rozkład punktacji

Percentyl według liczby udzielonych odpowiedzi

Procent ludzi z każdym wynikiem

Twoja historia wyników

Nie rozwiązałeś tego quizu